Länder mit den meisten Teilnahmen an den Olympischen Sommerspielen - Statistiken

Allgemein
  • Dieses Quiz wurde 44 mal gespielt
  • Das Durchschnittsergebnis liegt bei 15 aus 19
Antwortstatistiken
Teilnahmen Land % Korrekt
28 Vereinigte Staaten
98%
29 Frankreich
93%
27 Kanada
93%
28 Italien
91%
26 Norwegen
88%
27 Belgien
86%
29 Großbritannien
86%
29 Griechenland
84%
27 Niederlande
84%
29 Schweiz
84%
27 Australien
81%
28 Schweden
81%
28 Dänemark
79%
25 Portugal
79%
26 Finnland
77%
28 Österreich
72%
25 Argentinien
60%
25 Indien
47%
27 Ungarn
47%
Keine übereinstimmenden Quizze gefunden
Verteilung der Resultate
Anzahl Personen mit jedem Resultat
Perzentil nach korrekt beantworteten Fragen
Ihre Resultats-Entwicklung
Sie haben dieses Quiz noch nicht gespielt